000 01010nas a2200325 4500
001 BR2013008360
003 BR-BrBNA
005 20231205123059.0
007 ta
008 230509b bl.|||p| |||| 00| 00por d
040 _aBR-BrBNA
_bpor
_cBiblioteca Nacional de Agricultura
041 _a(Pt)
072 _aH20
100 1 _aKupper, K.C.
100 1 _aCervantes, A.L.L.
100 1 _aKlein, M.N.
100 1 _aSilva, A.C. da
245 1 _aAvaliação de microrganismos antagônicos Saccharomyces cerevisiae e Bacillus subtilis para o controle de Penicillium digitatum
650 _aLARANJA
650 _aFRUTA CÍTRICA
650 _aPÓS-COLHEITA
650 _aDOENÇA FÚNGICA
650 _aCONTROLE BIOLÓGICO
650 _aBICARBONATO DE SÓDIO
650 _aCERA
650 _aCARNAÚBA
773 0 _tRevista Brasileira de Fruticultura (Brazil)
_xISSN 0100-2945
_g(Jun 2013), v. 35(2) p. 425-436
_wBR2013008360
909 _a202311
_bLúcia
_c55
_dLúcia Elande
942 _2AGRIS
_n0
_cANA
999 _c232079
_d232079